[Event "ISR-ch"]
[Site "Ramat Aviv/Modiin"]
[Date "2000.12.27"]
[Round "10"]
[White "Golod, Vitali"]
[Black "Kaspi, Alexander"]
[Result "1/2-1/2"]
[WhiteElo "2590"]
[BlackElo "2488"]
[Annotator "Golod,V"]
[PlyCount "108"]
[EventDate "2000.12.17"]
[EventType "tourn"]
[EventRounds "11"]
[EventCountry "ISR"]
[EventCategory "11"]
[SourceTitle "CBM 081"]
[Source "ChessBase"]
[SourceDate "2001.03.20"]
[SourceVersion "1"]
[SourceVersionDate "2001.03.20"]
[SourceQuality "1"]

1. d4 d5 2. c4 e6 3. Nc3 c6 4. e3 f5 5. g4 $5 {After a defeat in the previous
game I have decided to play actively.} fxg4 {[%mdl 4]} ({Proceeding from
significant recommendation it is better:} 5... Nf6) 6. Qxg4 (6. h3 $5 g3 $140
7. f4 $13) 6... Nf6 7. Qg2 {I had time for seven moves to put the my queen on
"g2".Actually my idea:f4,Nf3,Bd3 and my queen appears on an ideal place.} c5 $1
8. dxc5 (8. Nf3 $5 {See comments to Seirawan,Y-Yermolinsky,A/USA-ch 1994/CBM
44(1-0) (Ftacnik,L)(17)}) 8... Qa5 $5 $146 ({Also can be recommended:} 8... Na6
$5 {[%cal Ga6c5,Ga6b4]}) ({or} 8... Nc6 $5) 9. cxd5 exd5 ({Badly:} 9... Nxd5 $2
{because of:} 10. Bd2 Qxc5 11. Nxd5 Qxd5 $8 (11... exd5 $4 12. Rc1 {[%csl Rc8]}
) 12. Qxd5 exd5 13. Bg2 Be6 14. Ne2 $16 {[%csl Rd5,Gg2][%cal Ge2f4]}) 10. Bd2
Qxc5 11. Rc1 ({Does not pass at once:} 11. Ne4 $4 {in view of:} dxe4 12. Rc1
Qf5 $19 {[%csl Rc8,Yf5][%cal Yf5c8]}) 11... Nc6 12. Ne4 $1 Qe7 13. Nxf6+ Qxf6
14. Qxd5 Be6 $5 $44 ({Probably,there is enough for equality:} 14... Qxb2 $5 15.
Rxc6 (15. Bc4 Bb4 $1 $13 {[%csl Gb4,Re1][%cal Gb2c1]}) 15... bxc6 16. Qxc6+ Ke7
17. Qc5+ Kd8 18. Ba5+ (18. Qd5+ Kc7) 18... Ke8 19. Qc6+ (19. Bb5+ Bd7 20. Bxd7+
Kxd7 21. Qc7+ (21. Qd5+ $2 Bd6 22. Qf7+ Kc6 23. Qc4+ Bc5 24. Qa4+ Kb7 $17)
21... Ke6 22. Qc4+ $11) 19... Ke7 20. Qc5+ $11) 15. Qe4 {[%cal Gf1c4]} ({
Much worse is:} 15. Qb5 Be7 16. Bc4 (16. Qxb7 $6 O-O $44) 16... O-O 17. Bxe6+
Qxe6 18. Ne2 Rad8 $36 {[%csl Re1]}) 15... Be7 16. Nh3 $2 (16. Bc3 $6 Qf7 {
[%csl Re4,Rh1][%cal Ge6d5] /\0-0(><f2)}) ({Can be recommended:} 16. Bh3 $5)
16... Bf5 ({Very badly:} 16... O-O $2 17. Qxe6+ (17. Bc3 $5) 17... Qxe6 18. Bc4
Qxc4 19. Rxc4 $16) 17. Qa4 $4 {[%mdl 8192] I almost at once after have made
this move has noticed a mistake in the accounts.} (17. Qf3 $5 $13) 17... Rd8 $4
{[%mdl 8192]} ({Won:} 17... Bxh3 $1 18. Rxc6 (18. Bxh3 $2 Qf3 {[%csl Rh1,Rh3]}
19. Rg1 (19. Be6 $143 Qxh1+ 20. Ke2 Qg2 21. e4 Rf8 $19) 19... Qxh3 (19... O-O
$2 20. Be6+ Kh8 21. Qg4 (21. Rf1 Rad8 $13) 21... Qxf2+ 22. Kd1 Bf6 23. Rg2 Qf1+
24. Kc2 Qb5 $15) 20. Rxc6 Qd7 $1 {I did not see this move.} (20... bxc6 $4 21.
Qxc6+ Kf7 (21... Kd8 22. Ba5#) 22. Qd5+ $1 Qe6 (22... Kf6 23. Bc3#) 23. Rxg7+
Kxg7 (23... Kf6 24. Bc3+) 24. Qxe6 $18) 21. Rc4 $140 b5 $19 {[%csl Ra4,Gb5,Rc4,
Yd7]}) 18... bxc6 (18... Qxc6 $2 19. Qxc6+ (19. Bb5 $4 Bd7 $1 20. Bxc6 Bxc6 {
[%csl Ra4,Rh1]} 21. Qg4 Bxh1 22. Qxg7 Rf8 23. Qxh7 Bf3 $17) 19... bxc6 20. Bxh3
$15) 19. Bxh3 Qf3 $1 20. Rg1 O-O (20... Qxh3 $4 21. Qxc6+ {transfer to 18.Bxh3}
) 21. Be6+ Kh8 22. Rf1 Rad8 $17) 18. Bc3 Qh6 $2 ({My contender has shown me
after a game beautiful variant:} 18... Qe6 $1 19. Bc4 $1 (19. Nf4 $4 Qxe3+ 20.
Ne2 $8 (20. fxe3 $4 Bh4+ 21. Ke2 Bg4#) 20... Qe6 $17) 19... Qe4 $140 20. Rg1
Be6 $1 {(Fritz 6)} (20... Bxh3 $4 21. Bf7+ {[%csl Re4]}) 21. b3 Bh4 $36) 19.
Nf4 O-O 20. Be2 $6 {This time I have made strategical blunder.} ({Much better
is:} 20. Bg2 $5 Bg5 21. O-O Bxf4 22. Qxf4 Qxf4 23. exf4 $14 {_|_}) (20. Rg1 $5)
20... Bf6 21. h4 Kh8 $13 22. h5 $2 {[%mdl 8192]} ({It is necessary:} 22. Bf3 $5
{[%csl Yf3][%cal Yf3h1]}) 22... Bxc3+ $1 23. bxc3 (23. Rxc3 $5 Qd6 $36 (23...
Nd4 $5 24. Rg1 Nxe2 25. Kxe2 Qd6 $13 {[%csl Re2]})) 23... g5 $1 {[%csl Rh1]}
24. Ng2 Qf6 $15 25. O-O Rd2 26. Rce1 Qxc3 27. Qb5 Rb2 28. Qd5 Rd2 29. Qb5 {
Clearly that I agree to a drawn.} Qg7 $5 {[%csl Rg1]} 30. a4 a6 ({It deserves
attention:} 30... g4 $5 {/\Ne5-Nf3+(עg1)}) 31. Qc5 Be4 $6 (31... h6 $5 $17)
32. f3 Rc2 33. Qd6 Bf5 34. Bd1 $138 Rb2 35. Re2 Rd8 36. h6 $1 {[%csl Rh8]} Qc3
37. Qg3 (37. Qc7 $5) 37... Rb1 (37... Rxd1 $4 38. Rxd1 Rxe2 $140 39. Qb8+ $1
Nxb8 40. Rd8#) 38. Ree1 Qf6 39. f4 Rg8 40. e4 Qd4+ $5 (40... gxf4 41. Qxf4 Qd4+
42. Kh2 Rb2 43. Bf3 $15) 41. Qf2 (41. Kh2 $143 Bxe4 $36) 41... Qxf2+ 42. Kxf2 (
42. Rxf2 $2 Bxe4 $17) 42... Rb2+ $1 {The important intermediate move. And here
having spent about 20 minutes I have found surprising rescue:} 43. Kg1 (43. Re2
$2 Rxe2+ 44. Bxe2 Bxe4 $17) (43. Kf3 $2 Bh3 $19) 43... Bh3 (43... gxf4 $143 44.
Rf2 Rxf2 45. Kxf2 $11 {[%csl Rf4]}) 44. Rf2 Rxf2 45. Kxf2 Bxg2 46. f5 $3 {
[%mdl 256] In it all sense of my idea.} (46. Kxg2 $2 gxf4+ $17 47. Kf3 $2 Ne5+
48. Kxf4 $140 Nd3+ {[%csl Re1,Rf4]}) 46... Bh3 47. Kg3 Ne5 $5 {My contender
was afraid to go on the following variants:} (47... g4 48. e5 Nd4 49. f6 Nf5+
50. Kf4 (50. Kh2 $5 Nxh6 (50... Rd8 $2 51. e6 Rd2+ 52. Re2 Rxe2+ 53. Bxe2 Kg8
54. Bd3 Nxh6 55. Be4 $1 {[%csl Rb7] /\Bxb7-c6 and e7-e8Q}) 51. e6 $36) 50...
Nxh6 51. Bb3 $1 $13 {[%csl Gb3,Rh6] (Tseitlin,Ma)}) (47... Bxf5 $2 48. exf5 $14
{[%csl Gf5,Gh6,Rh8]}) 48. Kxh3 Rd8 49. f6 $1 {This move a little better than:}
(49. Bh5 Rd6 50. Rg1 Rxh6 51. Rxg5 Nf7 52. Kg4 Nxg5 53. Kxg5 Kg7 (53... Rxh5+
54. Kxh5 b5 55. axb5 axb5 56. Kh6 $1 {An interesting resource which was
mentioned by Huzman after the game.} b4 57. e5 b3 58. e6 Kg8 59. f6 b2 60. e7
Kf7 61. e8=Q+ Kxe8 62. Kg7 b1=Q 63. f7+ Kd7 64. f8=Q Qg6+ 65. Kh8 h5 66. Qf7+
$3 Qxf7 $11) 54. e5 (54. a5 $11 {[%csl Ya5,Ga6,Gb7]}) 54... Rxh5+ 55. Kxh5 b5
56. axb5 axb5 57. e6 b4 58. e7 Kf7 59. Kh6 b3 60. e8=Q+ Kxe8 61. Kg7 $11) 49...
Rd3+ 50. Kg2 Rd2+ 51. Kg3 (51. Kf1 $2 Rd6 {[%csl Rf6,Rh6]}) (51. Kg1 Kg8 52.
Bh5 g4 53. Rc1 {[%csl Rg8][%cal Gc1c8]} Nf3+ 54. Kf1 Nh2+ 55. Ke1 Nf3+ 56. Kf1
Nh2+ $11) (51. Kh1 $2 Rf2 $17) 51... Rd3+ 52. Kg2 Rd2+ 53. Kg3 Rd3+ 54. Kg2
Rd2+ 1/2-1/2

[Event "Escaldes zt"]
[Site "Escaldes"]
[Date "1998.11.14"]
[Round "9"]
[White "Gurevich, Mikhail"]
[Black "Lautier, Joel"]
[Result "1-0"]
[WhiteElo "2610"]
[BlackElo "2625"]
[Annotator "Gurevich,M"]
[PlyCount "81"]
[EventDate "1998.11.06"]
[EventType "swiss"]
[EventRounds "9"]
[EventCountry "AND"]
[SourceTitle "CBM 068"]
[Source "ChessBase"]
[SourceDate "1999.02.01"]
[SourceVersion "1"]
[SourceVersionDate "1999.02.01"]
[SourceQuality "1"]

1. c4 {Hecht} e6 2. Nc3 d5 3. d4 c6 4. e3 Bd6 5. Nf3 f5 6. Ne5 Nf6 7. f4 O-O 8.
Be2 b6 9. O-O Bb7 10. Bd2 Qe7 11. Be1 $5 {[/\12.Bh4]} (11. Qa4 Kh8 12. cxd5
exd5 13. Be1 Qe6 14. Bh4 Be7 15. Qc2 Nbd7 16. Bd3 g6 $13 {0-1 Grabuzova,
T-Sherbakov,R/Cappelle op (1) 1995/EXT 95op2 (46)}) 11... Ne4 $5 (11... Nbd7
12. Bh4 Rfd8 13. Qa4 $36) 12. Nxe4 fxe4 13. Bc3 (13. Qa4 a6 $5 {(/\14...
b5<=><<)}) 13... Nd7 14. Nxd7 Qxd7 15. b4 c5 16. dxc5 $6 (16. bxc5 bxc5 17. Rb1
Rab8 $11) 16... bxc5 17. b5 $6 (17. bxc5 Bxc5 18. Bd4 Rac8 $11) 17... Rad8 $1
18. Qd2 Qe7 $6 (18... d4 $1 19. Ba5 (19. exd4 $2 cxd4 20. Qxd4 Qe7 $1 21. Kh1
Bc5 22. Qe5 Rf5 $19) 19... Bc7 $15) 19. Kh1 Qh4 (19... d4 $1 20. exd4 cxd4 21.
Bxd4 e5 $36 22. fxe5 $2 Bxe5 $19 (22... Rxf1+ 23. Rxf1 Bxe5 24. Bc5 Qh4 (24...
Rxd2 25. Bxe7 $14) 25. h3 $16)) 20. cxd5 $5 exd5 21. Be5 $1 $132 Bxe5 (21... d4
22. Bc4+ Kh8 23. exd4 Bxe5 24. fxe5 $14 cxd4 25. Qxd4 $16) 22. fxe5 Qe7 23.
Rxf8+ Rxf8 24. Rc1 Qg5 (24... c4 25. Qd4 (25. Qc3) 25... Rf2 26. Bg4 Rxa2 27.
Rf1 $132) 25. Kg1 d4 (25... Rc8 26. Qc3 $13) 26. Bc4+ Kh8 27. e6 Bd5 $6 (27...
h6 $1 28. Rf1 (28. h4 $6 Qe5 $15) 28... Rxf1+ 29. Kxf1 $13) 28. e7 $1 Rg8 (
28... Re8 29. Bxd5 (29. Rf1 Bg8 $1 30. Rf8 Qxe7 $17) (29. Qf2 Bxc4 30. Rxc4
Qxe7 $15) (29. h4 Qe5 30. exd4 e3 $1 $132) 29... Qxd5 30. Qf2 dxe3 (30... Qd6
31. Qf7 Qxe7 32. Qxe7 Rxe7 33. Rxc5 $16) 31. Qf8+ Qg8 32. Qxg8+ Kxg8 33. Kf1
Rxe7 34. Ke2 $11) 29. h4 $1 Qe5 30. Bxd5 (30. exd4 e3 $1 $132) 30... Qxd5 31.
Qf2 $5 (31. exd4 cxd4 32. Qf4 d3 $132) 31... dxe3 (31... d3 32. Qf8 d2 (32...
Qd7 33. Rf1 h6 $8 34. Qxg8+ Kxg8 35. Rf8+ Kh7 36. e8=Q Qxe8 37. Rxe8 c4 38. Kf2
$18)) 32. Qf8 Qe6 $2 $138 (32... Qxa2 $1 33. Rxc5 (33. e8=Q $2 Qf2+ 34. Qxf2
exf2+ 35. Kxf2 Rxe8 $11) (33. Rf1 e2 34. Re1 Qe6 35. Rxe2 e3 $13) 33... e2 34.
Rc1 Qc4 $1 35. Rxc4 e1=Q+ 36. Kh2 Qxh4+ $11) (32... Qd7 {Hecht} 33. Rf1 h6 (
33... e2 34. Qxg8+ Kxg8 35. Rf8#) (33... Qe8 34. Qxe8 Rxe8 35. Rf8+ Rxf8 36.
exf8=Q#) (33... Qe6 34. Qxg8+ Qxg8 35. Rf8 $18) (33... g6 34. Qxg8+ Kxg8 35.
Rf8+ Kg7 36. e8=Q Qd1+ 37. Rf1 (37. Kh2 $2 Qd6+ {[%cal Rd6f8,Rd6h2]}) 37... e2
38. Qf8#) 34. Qxg8+ Kxg8 35. Rf8+ Kh7 36. e8=Q {[%cal Rf8h8]} Qd1+ 37. Kh2 Qd6+
38. Kh3 $18) 33. Rxc5 e2 34. Kf2 Qd7 (34... Qxa2 35. Qxg8+ $1 Qxg8 36. Rf5 e3+
37. Ke1 $1 $18) 35. Rf5 $1 $18 e3+ 36. Kxe2 Qd2+ 37. Kf3 Qf2+ 38. Ke4 Qxg2+ 39.
Kxe3 Qg3+ 40. Ke2 Qg2+ 41. Kd3 1-0

[Event "FIDE World Cup"]
[Site "Khanty-Mansiysk"]
[Date "2005.12.01"]
[Round "2.2"]
[White "Eljanov, Pavel"]
[Black "Gurevich, Mikhail"]
[Result "0-1"]
[WhiteElo "2663"]
[BlackElo "2652"]
[Annotator "Gurevich,M"]
[PlyCount "112"]
[EventDate "2005.11.27"]
[EventType "k.o."]
[EventRounds "7"]
[EventCountry "RUS"]
[SourceTitle "CBM 111"]
[Source "ChessBase"]
[SourceDate "2006.04.04"]
[SourceVersion "1"]
[SourceVersionDate "2006.04.04"]
[SourceQuality "1"]

1. d4 d6 2. c4 f5 3. Nf3 g6 4. b4 Bg7 5. Bb2 Nh6 $5 {[/\Nh6-f7,e7-e5]} (5...
Nf6 6. g3 O-O 7. Bg2 c6 8. O-O Kh8 9. Nbd2 Be6 10. a4 Nbd7 11. b5 Bg8 12. Ne1
Qc7 13. Rc1 e5 14. c5 e4 15. cxd6 Qxd6 16. bxc6 bxc6 $132 {0-1 Peralta,
F-Movsziszian,K/Calvia 2005/Mega2006 (63)}) 6. e3 O-O 7. Be2 $5 (7. Qb3 a5 8.
b5 a4 9. Qc2 e6 10. Be2 Nd7 11. O-O g5 12. Nbd2 b6 13. Rad1 Qe7 14. Ba3 Bb7 15.
Rc1 g4 16. Ne1 f4 $132 {1-0 Peralta,F-Movsziszian,K/Binissalem 2004/Mega2006 
(44)}) 7... Nf7 8. O-O e5 9. dxe5 (9. Nc3 $5) 9... dxe5 10. Nbd2 (10. Nc3 e4
11. Qxd8 Rxd8 12. Nd4 Na6 $5 $132) (10. Qxd8 Rxd8 11. Nc3 Be6 12. Rfd1 Na6 13.
a3 c6 $132) 10... Be6 (10... e4 11. Nd4 Qe7 12. Qb3 $36) 11. c5 Qe7 12. Nc4 (
12. Bc4 Rd8 13. Qb3 Bxc4 14. Nxc4 $36) 12... Nd7 13. a3 (13. Na5 Rab8 14. Qc2 (
14. c6 Qxb4) (14. Nxb7 $2 Rxb7 15. c6 Rxb4 16. Ba3 Nb6) 14... c6 15. Rfd1 Bd5
$132) 13... Rad8 14. Qc2 Bd5 15. Nfd2 Nf6 16. f3 b6 $5 (16... e4 $5 17. f4 (17.
fxe4 Nxe4 18. Bxg7 Kxg7) 17... b6 18. Bd4 $14) 17. e4 Be6 18. Rfd1 (18. Nxe5
Nxe5 19. Bxe5 bxc5 20. bxc5 Nxe4 $5 (20... Rxd2 21. Qxd2 Nxe4 22. fxe4 Bxe5 $44
) 21. Bxg7 Rxd2 $1 22. Bxf8 Qg5 $36) 18... Nh5 $1 {[/\19...Qg5,20...Nf4|^>>]}
19. Ne3 (19. cxb6 $5 cxb6 20. Ne3) 19... Qg5 20. Ndf1 Nf4 21. Rxd8 (21. cxb6
Nh3+ 22. Kh1 Nf2+ 23. Kg1 Nxd1 $17) 21... Nxd8 $5 22. exf5 gxf5 23. Bc4 (23.
cxb6 cxb6 24. Bc4 e4 $36) 23... bxc5 $1 24. bxc5 e4 $1 {[xc5]} 25. fxe4 (25.
Bxg7 Qxg7 26. Rd1 exf3 $17) 25... Bxb2 26. Bxe6+ (26. Qxb2 Bxc4 27. Nxc4 fxe4
28. Nfe3 Qxc5 $17) 26... Ndxe6 27. Qxb2 fxe4 $17 28. Qb3 (28. c6 Nd3 $5 29. Qa2
Rf6 $5 $36 (29... Rxf1+ 30. Kxf1 Qf4+ 31. Ke2 Qf2+ 32. Kd1 $11) 30. Rb1 $2
Rxf1+ $1 $19) 28... Qxc5 (28... Kg7 $5) 29. Ng3 Rd8 $1 {[/\30...Rd3]} 30. Ngf5
(30. Nxe4 Qe5 $19) 30... Rd3 31. Qb8+ Kf7 $19 32. Re1 (32. Qb4 Nd5 $1 $19)
32... Ng7 $1 $138 (32... Rxe3 $1 33. Nxe3 Nd3 $19) 33. Qb4 Qxb4 34. axb4 Nxf5
35. Nxf5 Kf6 36. Ne3 Ke5 37. g3 Nd5 38. Ng4+ Kf5 (38... Kd4 $19) 39. Nh6+ Kg6
40. Ng4 Kf5 41. Nh6+ Ke5 42. Ng4+ Kd4 43. Nf2 Re3 (43... Nc3 $1 44. Nxd3 exd3
$19) 44. Rd1+ Kc4 45. Ng4 Rd3 46. Ne5+ Kc3 47. Nxd3 exd3 $19 48. Kf2 Kc2 49.
Ke1 Nxb4 50. Rd2+ Kb3 51. Rd1 Kc2 52. Rd2+ Kc3 53. Kd1 a5 54. Rf2 a4 55. Rf7
Nd5 $1 56. Rf2 a3 0-1

[Event "RUS-ch 54th"]
[Site "Elista"]
[Date "2001.05.03"]
[Round "4"]
[White "Korobov, Ilya"]
[Black "Shovunov, Baatr"]
[Result "1-0"]
[WhiteElo "2347"]
[BlackElo "2367"]
[Annotator "Hecht,H"]
[PlyCount "73"]
[EventDate "2001.04.29"]
[EventType "swiss"]
[EventRounds "9"]
[EventCountry "RUS"]
[SourceTitle "CBM 083"]
[Source "ChessBase"]
[SourceDate "2001.07.05"]
[SourceVersion "1"]
[SourceVersionDate "2001.07.05"]
[SourceQuality "1"]

1. d4 d5 2. c4 c6 3. e3 e6 4. Nc3 f5 5. f4 Nf6 6. Nf3 Be7 7. Be2 O-O 8. O-O Kh8
9. a3 a5 10. Rb1 Ne4 11. Nxe4 fxe4 12. Ne5 c5 13. dxc5 Bxc5 14. b4 axb4 15.
axb4 Be7 16. Bb2 Nc6 17. c5 Bf6 18. b5 Nxe5 19. fxe5 Be7 20. Bd4 Rxf1+ 21. Bxf1
Bd7 22. Rc1 Qe8 23. Qb3 h6 24. Be2 Ra5 25. c6 bxc6 26. bxc6 Bxc6 27. Qb6 Ra2
28. Qxc6 Qxc6 29. Rxc6 Rxe2 30. Rxe6 {[#] Starker weißer Freibauer und aktive
weiße Figuren.} Bh4 (30... Bb4 31. Rd6 Kg8 (31... Bxd6 32. exd6 Ra2 33. d7 Ra8
34. Bb6 $18) 32. Rxd5 Bd2 33. e6 Kf8 34. Bc5+ Ke8 35. Kf1 Re1+ 36. Kf2 Rc1 37.
Rf5 $18) 31. g3 Bg5 32. Re8+ Kh7 33. e6 Kg6 34. h4 Bf6 35. Rf8 {[%cal Rh4h5]}
Be7 (35... h5 36. Bxf6 $18) 36. Rf7 Bd6 37. g4 1-0

[Event "RUS-ch KO"]
[Site "Moscow"]
[Date "1999.12.15"]
[Round "1.1"]
[White "Kholmov, Ratmir D"]
[Black "Sveshnikov, Evgeny"]
[Result "0-1"]
[WhiteElo "2464"]
[BlackElo "2541"]
[Annotator "Hecht,H"]
[PlyCount "100"]
[EventDate "1999.12.04"]
[EventType "k.o."]
[EventRounds "6"]
[EventCountry "RUS"]
[SourceTitle "CBM 075"]
[Source "ChessBase"]
[SourceDate "2000.04.05"]
[SourceVersion "1"]
[SourceVersionDate "2000.04.05"]
[SourceQuality "1"]

1. d4 d5 2. c4 e6 3. Nc3 c6 4. e3 Bd6 5. Qc2 f5 6. Bd3 Nf6 7. f3 O-O 8. Nge2
dxc4 9. Bxc4 b5 10. Bb3 Kh8 11. a4 b4 12. Nd1 Qe7 13. Nf2 Ba6 14. Bc4 c5 15.
Bxa6 Nxa6 16. Qc4 Nc7 17. dxc5 Bxc5 18. Nd3 Nd7 19. Nd4 Nd5 20. Nxc5 Qxc5 21.
Qe2 Qd6 22. O-O e5 23. Nb3 e4 24. f4 Nc5 25. Nxc5 Qxc5 26. Qb5 Rfc8 27. Rd1
Rab8 28. Qxc5 Rxc5 29. Rd4 Kg8 30. Bd2 Kf7 31. Rc1 Rxc1+ 32. Bxc1 Ke6 33. Rc4
Rd8 34. Kf2 a5 35. Rc6+ Kd7 36. Rc5 Kd6 37. Rc2 b3 38. Rc4 Nb6 39. Rc3 Rc8 40.
Rxc8 Nxc8 41. Bd2 Nb6 42. Bxa5 Nxa4 43. Bb4+ Kd5 44. Ba3 Kc4 45. Ke2 Nc3+ 46.
Kd2 Nb1+ 47. Kc1 Nxa3 48. bxa3 {[#] Schwarz gewinnt um genau ein Tempo mit
Hilfe zweier weit vorgerückter Freibauern, von denen einer sogleich entsteht.}
Kd3 49. a4 Kxe3 50. a5 Kd3 (50... Kd3 51. a6 e3 52. a7 e2 53. a8=Q e1=Q+ 54.
Kb2 Qc3+ 55. Ka3 Qa1+) 0-1

[Event "Baden-Baden"]
[Site "Baden-Baden"]
[Date "1992.12.09"]
[Round "5"]
[White "Hertneck, Gerald"]
[Black "Jussupow, Artur"]
[Result "0-1"]
[WhiteElo "2560"]
[BlackElo "2640"]
[Annotator "Jussupow,A"]
[PlyCount "48"]
[EventDate "1992.12.??"]
[EventType "tourn"]
[EventRounds "11"]
[EventCountry "GER"]
[EventCategory "14"]
[SourceTitle "CBM 033"]
[Source "ChessBase"]
[SourceDate "1993.04.01"]
[SourceVersion "1"]
[SourceVersionDate "1993.04.01"]
[SourceQuality "1"]

1. d4 f5 2. Nf3 Nf6 3. c4 e6 4. e3 b6 5. Bd3 (5. d5 $5 Bb4+ (5... exd5 6. cxd5
Bb7 7. Bc4 Bb4+ 8. Bd2 Bxd2+ 9. Qxd2 Ne4 10. Qc2) (5... Bb7 6. dxe6 dxe6 7.
Qxd8+ Kxd8 8. Ng5 Ke7 9. Nc3 a6 10. b3 Nbd7 $13) 6. Bd2 Bxd2+ 7. Qxd2 Ne4 8.
Qc2 exd5 9. cxd5 Bb7 10. Nc3 $14) 5... Bb7 (5... Bb4+ 6. Nbd2 (6. Nc3 {-ECO A85
}) (6. Bd2) 6... Bb7 7. a3 Bxd2+ 8. Bxd2 O-O 9. O-O Ne4 10. Ne1 $6 Nc6 11. f3
Nxd2 12. Qxd2 Qg5 13. f4 Qe7 $15 {Ortega-Psakhis, Erevan 1986}) 6. O-O Bd6 7.
Nbd2 (7. b3 O-O 8. Ba3 Bxa3 9. Nxa3 d6 $10) (7. Nc3 O-O (7... Ne4 8. Bxe4 fxe4
9. Nd2 Qh4 10. g3 Qh3 11. Ndxe4 $16) 8. Qe2 (8. d5 $5 {ECO}) 8... Bb4 $13 {
Ekenberg-Alekhin, Örebro 1935 ECO}) 7... O-O (7... Ne4 8. Qc2 (8. Ne5 Bxe5 9.
dxe5 Nc5 10. Be2 Nc6 11. f4 (11. Nf3) 11... d6 $15) 8... Nxd2 9. Nxd2 Bxh2+ (
9... Nc6 10. a3 a5 11. b3 O-O 12. Bb2 $14 {+/-}) 10. Kxh2 Qh4+ 11. Kg1 Bxg2 12.
Kxg2 Qg4+ $10) 8. Qc2 (8. b3 Ne4 9. Bb2 Nxd2 (9... Rf6 10. Ne5 Rh6 $13) 10.
Nxd2 Bxh2+ (10... Qh4 11. f4 Rf6 12. Nf3 $14) 11. Kxh2 Qh4+ 12. Kg1 Bxg2 13. f3
(13. Kxg2 Qg5+ 14. Kh1 (14. Kh2 Rf6 15. Qf3 Rh6+ 16. Qh3 Rxh3+ 17. Kxh3 $13)
14... Rf6 15. Nf3 Rh6+ 16. Nh2 Qh4 $19) 13... Rf6 14. Qe1 Qh3 15. Kf2 Qh2 16.
Ke2 (16. Rg1 Rg6 17. Ke2 Bf1+ $17) 16... Bxf1+ 17. Kxf1 Rg6 18. Qf2 Qh3+ 19.
Ke1 Rg2 20. Qf1 Qg3+ 21. Kd1 Rg1 $19) 8... Nc6 (8... g5 9. c5 bxc5 10. dxc5 g4
11. cxd6 gxf3 12. dxc7 $18) 9. a3 a5 (9... g5 10. c5 (10. Nxg5 Bxh2+ 11. Kxh2
Ng4+ 12. Kg1 Qxg5 13. Nf3 Qh5 $40 {/\Nd4}) (10. b4 g4 11. Ne1 Qe8 12. c5 Be7
13. Bb2 $13) 10... bxc5 11. dxc5 g4 (11... Be5 12. Nc4 d6 13. Qb3 $16) 12. cxd6
gxf3 13. dxc7 Qxc7 14. Nxf3 $16) 10. h3 (10. b3 $5 Qe8 (10... g5 11. Bb2 g4 12.
Ne5 $14) 11. Bb2 Qh5 $132) (10. e4 $2 fxe4 11. Nxe4 Nxe4 12. Bxe4 Rxf3 $1 13.
Bxf3 Nxd4 14. Qd3 Bxh2+ $1 (14... Qh4 15. g3) (14... Nxf3+ 15. gxf3) 15. Kxh2
Qh4+ 16. Kg1 Nxf3+ 17. gxf3 Qh3 $19) 10... a4 11. Rd1 $5 {/\e4} (11. e4 fxe4
12. Nxe4 Nxe4 13. Bxe4 Rxf3 14. Bxf3 (14. gxf3 Nxd4 15. Qd3 Bxe4 (15... Qh4 $5)
16. fxe4 Nb3 $44) 14... Nxd4 15. Qd3 Nxf3+ 16. gxf3 Qh4 $36 (16... Ra5 $36))
11... Nh5 (11... Qe8 12. e4 fxe4 13. Nxe4 Nxe4 14. Bxe4 Qh5 15. Ng5 $16) (11...
Na5 12. Qxa4 $16 Ne4 13. Qc2 Nxd2 14. Bxd2 Bxf3 15. gxf3 Qh4 16. Kf1 Qxh3+ 17.
Ke2 Qh5 $16) 12. c5 (12. e4 Nf4 13. Bf1 (13. e5 Nxd3 14. Qxd3 Be7 $13) 13...
fxe4 14. Nxe4 $140 Nxh3+ $17) (12. d5 Ne5 (12... Ne7 13. dxe6 (13. e4 $13)
13... dxe6 14. Nd4) 13. Nxe5 Bxe5 14. Nf3 Bd6 15. e4 fxe4 16. Bxe4 Nf6 17. Bg5
h6 18. Bxf6 Qxf6 19. dxe6 Bxe4 20. Qxe4 Rae8 $15) 12... bxc5 13. dxc5 Be7 14.
g4 (14. b4 axb3 15. Nxb3 $13) 14... Nf6 (14... fxg4 $6 15. hxg4 Nf6 16. g5 $40)
15. gxf5 Ra5 (15... exf5 $6 16. b4 $1 $36 axb3 $140 17. Qxb3+ $18) 16. b4 axb3
17. Nxb3 Qe8 $1 {/\Qh5->} (17... Nb4 18. axb4 Rxa1 19. Ne5 $44 (19. Nfd4)) 18.
Ne1 $2 (18. Nxa5 Nxa5 19. Be2 Qh5 20. Bd2 Bxf3 21. Bxf3 Qxf3 22. Bxa5 Ne4 23.
Rd4 Rxf5 (23... exf5 $40) 24. Qxe4 (24. Rxe4 Qxh3 25. f4 Rf6) 24... Qxf2+ 25.
Kh1 Rf3 26. Qg4 Rg3 27. Rd2 Qxe3 28. Re2 Qb3 29. Qe4 Rxh3+ 30. Kg2 Qg3+ 31. Kf1
Bxc5 $40) (18. Bf1 $142 $5 {/\Bg2 Hertneck} Ra8 (18... Qh5 19. Bg2 Ra4 (19...
Raa8) 20. Nbd4 (20. fxe6) 20... Nxd4 21. Nxd4 Bxg2 22. Kxg2 Ra5 23. Nb3 $13) (
18... Nb4 19. Qe2 Qh5 20. Bg2) 19. fxe6 dxe6 20. Bg2 Qh5 21. Bb2 $13) 18... Ra4
$40 19. Bf1 (19. f4 Qh5 20. Bf1 exf5 $17) 19... Rh4 20. Nd4 Qh5 21. f4 (21. Qe2
Qg5+) 21... Nxd4 22. Rxd4 Rxh3 23. Bxh3 Qxh3 24. Qh2 Qg4+ $19 (24... Qg4+ 25.
Ng2 Bxc5 26. Bb2 Qe2 $19) 0-1

[Event "RUS-ch"]
[Site "Elista"]
[Date "1994.??.??"]
[Round "8"]
[White "Kiselev, Sergey"]
[Black "Tregubov, Pavel V"]
[Result "1-0"]
[WhiteElo "2460"]
[BlackElo "2545"]
[Annotator "Kharitonov,A"]
[PlyCount "70"]
[EventDate "1994.09.??"]
[EventType "swiss"]
[EventRounds "11"]
[EventCountry "RUS"]
[SourceTitle "CBM 044"]
[Source "ChessBase"]
[SourceDate "1995.02.01"]
[SourceVersion "1"]
[SourceVersionDate "1995.02.01"]
[SourceQuality "1"]

1. d4 d5 2. c4 c6 3. Nf3 e6 4. e3 Bd6 5. Bd3 f5 6. O-O Nf6 7. b3 Qe7 8. Bb2 O-O
9. Nc3 $5 (9. Ne5 Bd7 10. Qc1 Rc8 $6 11. Nd2 Ne4 12. f3 Nxd2 13. Qxd2 Be8 14.
e4 $14 {Kharitonov,A-Tregubov,P/Alushta/1994/0,5/35/}) (9. Qc1 Bd7 10. Ba3 Be8
11. Bxd6 Qxd6 12. Qa3 Qd8 13. Nbd2 Ne4 14. Bxe4 fxe4 15. Ne5 Nd7 16. Nxd7 Qxd7
17. f3 exf3 18. Nxf3 Bg6 19. Ne5 $14 {Kharitonov,A-Neverov,V/Kstovo/1994/0,5/
78/}) 9... Ne4 (9... b6 10. Qc2 Bb7 $6 11. cxd5 cxd5 12. Nb5 Rc8 13. Qe2 $16)
10. Ne2 Nd7 (10... Bd7 11. Ne5 Be8 12. f3 Nf6 13. Rc1 Nbd7 14. Bb1 {/\ Nf4-d3+/
=}) 11. Qc2 $5 b6 12. a3 c5 (12... Bb7 13. b4 c5 14. bxc5 bxc5 $13) 13. a4 $5
Bb7 14. a5 $13 Rac8 (14... Rfc8 15. a6 $5 Bc6 16. Ne5 Nxe5 17. dxe5 Bc7 18. f3
Ng5 19. cxd5 Bxd5 20. Nf4 Bc6 21. b4 $1 $16) 15. axb6 axb6 16. Qd1 Rfd8 $6 (
16... Ra8 $32) 17. Ra7 Nb8 18. cxd5 exd5 19. Bb5 $1 Rc7 20. Nc3 Bc6 (20... Nxc3
21. Bxc3 Bc6 (21... Nc6 $2 22. Rxb7) 22. Rxc7 Bxc7 23. Bd3 $14) 21. Rxc7 Bxc7
22. Qe2 Qe8 (22... Bb7 23. Ra1 $16) 23. Bd3 Nd7 24. Rc1 Qe6 25. Qc2 Qh6 $2 (
25... Bb8 $5 $13) 26. b4 $1 $16 c4 $2 (26... Nxc3 27. Qxc3 c4 28. Bxc4 $18) (
26... cxd4 $2 27. Nxe4 dxe4 28. Qxc6 Qxc6 29. Rxc6 exd3 30. Rxc7 $18) (26...
Bb8 $5 27. bxc5 bxc5 28. Ne2 $14) 27. Bxe4 dxe4 (27... fxe4 28. Nxe4 $16) 28.
Nxe4 $1 b5 (28... Bxe4 29. Qxc4+ Kh8 30. Qxc7 $18) (28... fxe4 29. Qxc4+ Kh8
30. Qxc6 Qxc6 31. Rxc6 exf3 32. Rxc7 $16) 29. Ng3 f4 $2 (29... Bxf3 30. gxf3 f4
31. Nf1 (31. Nf5 Qh5 $132) 31... Qh5 32. Qe2 $16) (29... Bxg3 30. hxg3 Be4 31.
Qe2 $16) 30. Nf5 Qe6 $8 31. d5 $1 $18 Bxd5 32. Ng5 Qe8 33. Nh6+ $1 Kf8 (33...
gxh6 34. Qxh7+ Kf8 35. Qg7#) 34. Qf5+ Ke7 35. Qxd5 Nf8 (35... gxh6 36. Qe6+ Kf8
37. Nxh7#) (35... Nf8 36. Ng8#) 1-0